000 00444nam a2200181Ia 4500
001 13379
005 20260306164757.0
008 260306t2007||||xx |||||||||||||| ||spa||
041 _aESP
082 _a003.3
_bF11
100 _aFábregas Ariza, Aldo
_eAUT
245 0 _aSimulación de sistemas productivos con Arena
260 _c2007
300 _a206 páginas :
_c30 cm.
650 _aGEN
654 _aCCC
942 _cLIB
_dJUS
_fJUS
_2ddc
_n
999 _c13379
_d13379